|
|
|
|
| LEADER |
00933nam a22002291 4500 |
| 001 |
c000204265 |
| 003 |
CARM |
| 005 |
20021125002000.0 |
| 008 |
851113s1875 wau 0 eng d |
| 019 |
1 |
|
|a 1463772
|z 4142057
|5 LACONCORD2021
|
| 035 |
|
|
|a (OCoLC)3574380
|5 LACONCORD2021
|
| 100 |
1 |
|
|a Elliott, Henry Wood.
|
| 245 |
1 |
2 |
|a A report upon the condition of affairs in the Territory of Alaska /
|c by H.W.Elliott: with a chap. Ornithology of the Prybilov Islands, by E.Coues.
|
| 260 |
|
|
|a Wash. :
|b Govt. Pr.,
|c 1875.
|
| 650 |
|
0 |
|a Natural history
|z Alaska.
|
| 651 |
|
0 |
|a Alasa.
|
| 651 |
|
0 |
|a Prybilov Islands.
|
| 700 |
1 |
|
|a Coues, Elliott.
|t Ornithology of the Prybilov Islands.
|
| 852 |
8 |
|
|b CARM
|h A2:AN37A0
|i B06293
|p 0288042
|f BK
|
| 082 |
0 |
4 |
|a 917.98
|
| 999 |
f |
f |
|i 3b098d3d-1b65-5956-a7b8-8d06450f2cef
|s a3b3e975-992c-58bf-967b-885a9292d951
|
| 952 |
f |
f |
|p Can circulate
|a CAVAL
|b CAVAL
|c CAVAL
|d CARM 1 Store
|e B06293
|f A2:AN37A0
|h Other scheme
|i book
|m 0288042
|